| 000 | 00936nam a22002657a 4500 | ||
|---|---|---|---|
| 999 |
_c20232 _d20232 |
||
| 005 | 20180803170450.0 | ||
| 008 | 180608b2016 br ||||gr|||| 00| 0 por d | ||
| 020 | _a9788574018423 | ||
| 040 |
_aCO-BoIAVH _cCO-BoIAVH |
||
| 041 | _apor | ||
| 044 | _abl | ||
| 082 | 1 | 4 |
_a911.3 _bD61d |
| 110 | 1 | _aEditora da Universidade Federal do Amazonas | |
| 245 | 0 | 0 |
_aDinamica urbana na Amazonia brasileira: _bgeografias e cidades na tríplice fronteira Brasil-Perú-Colombia/ _cTatiana Schor, organizadora |
| 260 |
_aManaus: _bEditora da Universidade Federal do Amazonas, _c2016. |
||
| 300 | _a265 páginas, | ||
| 490 |
_aDinamica urbana na Amazonia brasileira, _v3 |
||
| 650 | 1 | 4 | _aGeografía |
| 650 | 1 | 4 | _aEspacialidad |
| 650 | 1 | 4 | _aGeografía ambiental |
| 650 | 1 | 4 | _aFrontera |
| 700 | 0 |
_aSchor, Tatiana _eCoordinadora |
|
| 700 | 0 |
_aMorales, Suely O. _eeditora |
|
| 942 |
_2ddc _cLIBRO |
||